000 00547nam a22002297a 4500
001 86536
003 UA-OsUOA
005 20211019175712.0
007 ta
008 20120905b un ||||| |||| 00| 0 ukr d
040 _aUA-OsUOA
_brus
_cUA-OsUOA
_dUA-OsUOA
041 _arus
080 _a94(470+571)
090 _a94(470+571)
_bС53
100 _aСнегирёв В. Л.
245 _aАдмирал Ушаков
260 _aМ.
_bОГИЗ
_c1945
300 _a74 с.
650 7 _a94 Історія
_2UDC
942 _cBK
_2udc
955 _a5
999 _c312793
_d312793